LEADER 01040nam a2200265 i 4500 001 000000154471 003 CaOOAMICUS 005 20061018000000.0 008 061018s1957 it u000 u ita u 013 $a131817 040 $aSeMil$bita 100 1 $aAntonicelli, Franco,$d<1902-1974>.$0(OLS)http://semarc/name/8848 245 10$aPiccolo libro di lettura /$cFranco Antonicelli. 260 $aTorino :$bEdizioni Radio Italiana,$ccopyr. 1957. 300 $a216 p., [18] ;$c20 cm. 490 0 $aIl libro della sera ;$v4 500 $aFondo Ciprandi. 650 4$aLetteratura italiana - Antologie.$0(OLS)http://semarc/subject/2248 830 3$aIl libro della sera ;$v4.$0(OLS)http://semarc/title/19872 850 $aSeMil 852 $aSeMil$W1$xVenegono$y1$m1D III 179$j106329$B106329$CSeMilBibl$Z2$F115577 $81 941 1 $a1 961 $aOmaggio: Ciprandi dott. Paolo 996 $6245$aPiccolo libro di lettura$9(OLS)http://semarc/title/226078 996 $6260$aTorino :$bEdizioni Radio Italiana$9(OLS)http://semarc/publisher/34053 LEADER 00980nam a2200241 i 4500 001 000000173198 003 CaOOAMICUS 005 20080709000000.0 008 080709s1964 it u000 u ita u 013 $a150650 040 $aSeMil$bita 100 1 $aPetronius Arbiter,$d.$0(OLS)http://semarc/name/43533 245 13$aIl Satricon /$cPetronio Arbitro ; Testo Latino e Versione di A. Marzullo e M. Bonaria. 260 $aBologna :$bNicola Zanichelli,$cstampa 1964. 300 $aXXIII, 350 p. ;$c20 cm. 490 0 $aProsatori di Roma 700 1 $aBonaria, Mario.$0(OLS)http://semarc/name/64689 700 1 $aMarzullo, A.$0(OLS)http://semarc/name/64688 830 0$aProsatori di Roma.$0(OLS)http://semarc/title/5869 850 $aSeMil 852 $aSeMil$W1$xVenegono$y1$m1Z II 239$j124045$B124045$CSeMilBibl$Z2$F135166 $81 996 $6245$aIl Satricon$9(OLS)http://semarc/title/248063 996 $6260$aBologna :$bNicola Zanichelli$9(OLS)http://semarc/publisher/30307